000 00393cam a2200157ua 4500
041 _aeng
_h
082 _a523.01
_bSOB/TR
100 _aSobolev, V V .
245 _aTreatise on radioactive transfer /
_cV V Sobolev.
_hTextual Documents
250 _a1 /
_b.
260 _aNew Jersy :
_bD.Van Nostrand Co. ,
_c1963.
300 _a319 ; .
504 _a
942 _cBK
999 _c8554
_d8554